| 000 | 02982cam a22004337a 4500 | ||
|---|---|---|---|
| 001 | 7850034 | ||
| 003 | OSt | ||
| 005 | 20210813121513.0 | ||
| 006 | m d | ||
| 007 | cr n | ||
| 008 | 060822s2007 gw a s 000 0 eng d | ||
| 015 |
_aGBA690817 _2bnb |
||
| 016 | 7 |
_a013584878 _2Uk |
|
| 020 | _a3540449094 | ||
| 035 | _a(WaSeSS)ssj0000130091 | ||
| 038 | _akhadija | ||
| 040 |
_aUKM _cUKM _dBAKER _dOHX _dDST _dYDXCP _dBTCTA _dVRC _dUKMGB _dCNCGM _dDLC _dWaSeSS |
||
| 042 |
_aukblsr _alccopycat |
||
| 050 | 4 |
_aQA76.5915 _b.C66 2007 |
|
| 050 | 4 | _aQA76.5915 | |
| 050 | 4 | _aQA76.5915.C66 2007 | |
| 082 | 0 | 4 |
_a004 _222 _bCON |
| 100 |
_aKrämer J. Bernd _981522 |
||
| 210 | 1 | 0 | _aContributions to ubiquitous computing |
| 245 | 0 | 0 |
_aContributions to Ubiquitous Computing \ _cBernd J. Krämer, Wolfgang A. Halang (eds.) |
| 260 |
_aBerlin ; _aNew York : _bSpringer, _c2007. |
||
| 490 | 1 |
_aStudies in computational intelligence ; _v42 |
|
| 505 | 0 | _aSurvey of this Book / Bernd J. Kramer -- 1. Building adaptable mobile middleware services using logical mobility techniques / Stefanos Zachariadis, Manish Lad, Cecilia Mascolo and Wolfgang Emmerich -- 2. Towards self-healing composition of services / Luciano Baresi, Carlo Ghezzi and Sam Guinea -- 3. Wireless sensor networks / Yusuf Ozturk -- 4. Common-interest based self-organising e-learner communities / Fan Yang, Bernd J. Kramer and Peng Han -- 5. A service component architecture to federate e-universities : a case study in virtual mobility / Bernd J. Kramer -- 6. Wireless asset management / Peter Neumann -- 7. Knowledge management for e-maintenance of industrial automation systems / Wei Zhang -- 8. Using formal concept analysis for semantic Web applications / Yi Zhao -- 9. A fair off-line electronic payment system / Weidong Qiu -- 10. A UML profile to model safety-critical embedded real-time control systems / Shourong Lu and Wolfgang A. Halang -- 11. Probabilistic management of distributed systems / Jianguo Ding -- 12. Denial of service detection in mobile agent systems with dependencies in computations / Biljana Cubaleska and Markus Schneider -- 13. Fighting Internet congestion by means of chaos control / Zhong Li -- 14. Securing communication by chaos-based encryption / Ping Li, Zhong Li, Wolfgang A. Halang and Guanrong Chen -- 15. A chip performing chaotic stream encryption / Yaobin Mao, Wenbo Liu, Zhong Li, Ping Li and Wolfgang A. Halang. | |
| 506 | _aLicense restrictions may limit access. | ||
| 563 | _ahard cover | ||
| 650 | 0 |
_aUbiquitous computing. _981523 |
|
| 700 | 1 |
_aKrämer, Bernd, _d1947- _981524 |
|
| 700 | 1 |
_aHalang, Wolfgang A., _d1951- _981525 |
|
| 773 | 0 | _tSpringerLink ebooks - Engineering (2007) | |
| 830 | 0 |
_aStudies in computational intelligence ; _v42. _981268 |
|
| 856 | 4 | 0 |
_uhttp://www.columbia.edu/cgi-bin/cul/resolve?clio7850034 _zFull text available from SpringerLink ebooks - Engineering (2007) |
| 910 | _aLibrary of Congress record | ||
| 942 |
_2ddc _cBK |
||
| 999 |
_c31892 _d31892 |
||